Sports Quiz

Random Sports or NCAA Quiz

Bowl Game MVPs Quiz Stats

 Plays Quiz not verified by Sporcle

Challenge
Share
Tweet
Embed
Score 0/20 Timer 20:00
0 Plays Today
MVPs Bowl Game % Correct
Neil Smith, Tedy Bruschi, AJ HawkFiesta
82.1%
George Halas, Rick Neuheisel, Jack Del RioRose
71.4%
Jamarcus Russell, Tim Tebow, Danny WuerffelSugar
64.3%
Tommie Frazier, Charlie Ward, Geno SmithOrange
60.7%
Sammy Baugh, YA Tittle, Norm Van BrocklinCotton
39.3%
Jeff George, Peyton Manning, Matthew StaffordCapital One
39.3%
Doug Flutie, Ryan Mallett, Shaun KingLiberty
32.1%
Justin Blackmon, Jeremy Maclin, Ted Ginn Jr.Alamo
32.1%
Matthew Stafford, Matt Flynn, Jim KellyChick-fil-A
28.6%
Philip Rivers, Russell Wilson, Kliff KingsburyRussell Athletic
25%
MVPs Bowl Game % Correct
Blair Thomas, Barry Sanders, Marshawn LynchHoliday
25%
Eli Manning, Seneca Wallace, Chris ChandlerIndependence
21.4%
William Green, Marion Barber, CJ SpillerMusic City
21.4%
Matt Schaub, Pat White, Mike GlennonBelk
21.4%
Doug Martin, Steven Jackson, Marshawn LynchMaaco
21.4%
Cornelius Bennett, Derrick Thomas, Star LotuleleiSun
17.9%
Anthony Carter, Andre Rison, Calvin JohnsonGator
17.9%
Chad Pennington, Byron Leftwich, Curtis PainterLittle Caesars
17.9%
Matt Ryan, Colin Kaepernick, Chris RedmanFamous Idaho Potato
10.7%
Drew Bledsoe, Aaron Rodgers, Marc BulgerBuffalo Wild Wings
7.1%

You're not logged in!

Compare scores with friends on all Sporcle quizzes.
OR
Log In

You Might Also Like...

Show Comments

Extras

Top Quizzes Today


Score Distribution

Your Account Isn't Verified!

In order to create a playlist on Sporcle, you need to verify the email address you used during registration. Go to your Sporcle Settings to finish the process.

Report this User

Report this user for behavior that violates our Community Guidelines.

Details: